[Event "Lidums Checkmate Op"]
[Site "Adelaide"]
[Date "2007.07.08"]
[Round "6.11"]
[White "Wedding, Robin"]
[Black "Wright, Neil S"]
[Result "0-1"]
[Annotator "Fritz 10"]
[BlackElo "2141"]
[EventCountry "AUS"]
[EventDate "2007.07.07"]
[EventRounds "7"]
[EventType "swiss"]
[PlyCount "50"]
[WhiteElo "1856"]

{ B22: Sicilian: 2 c3 } 1. e4 c5 2. c3 Nf6 3. e5 Nd5 4. Nf3 e6 5. d4 cxd4 6.
cxd4 d6 7. Nc3 Bd7 { The bishop intends Bc8-d7-c6-d5}  ( 7... dxe5 8. dxe5 Nxc3
9. Qxd8+ Kxd8 10. bxc3 h6 11. Nd4 a6 12. Be2 Kc7 13. O-O Nc6 14. Nxc6 Kxc6 15.
Rb1 Bc5 16. Rd1 Rb8 17. c4 b6 18. Rb3 Bb7 19. Rbd3 Rbf8 20. Rd7 Bd4 21. R1xd4 {
1-0 Mutafov,K  ( 2173 ) -Denson,N  ( 1913 ) /Dos Hermanas 2004/CBM 099 ext} 
)8. Bd3 Bc6 9. O-O Nd7 10. Nxd5 $146 ( 10. Re1 Be7 11. exd6 Bxd6 12. Ne4 Be7
13. a3 h6 14. Ne5 Nxe5 15. dxe5 Qc7 16. Ng3 Bc5 17. Qg4 O-O-O 18. b4 h5 19. Qc4
Nb6 20. Qxc5 Rxd3 21. Qc2 Rhd8 22. Bg5 f6 23. exf6 gxf6 24. Bxf6 Rd2 {
Maskova,J  ( 2230 ) -Palatkova,E  ( 2040 ) /Prague 1990/TD/1-0}  )( 10. exd6
Bxd6 11. Ne4 Be7 12. Re1 h6 13. a3 O-O 14. Ne5 Rc8 15. h4 f5 16. Ng6 fxe4 17.
Nxf8 Nxf8 18. Rxe4 Nf6 19. Re5 Bd6 20. Re1 Bc7 21. Bc4 Qd6 22. g3 Bb6 23. Bf4
Qxd4 24. Qxd4 Bxd4 { Alfred,N  ( 2247 ) -Nemeth,Z  ( 2361 ) /Budapest 2002/CBM
087 ext/0-1  ( 39 )}  )10... Bxd5 { A comfortable square for the black bishop} 
11. Bf4 { Black has a cramped position}  11... Qb6 12. exd6 ( 12. a4 $5 $14 {
is interesting} )12... Bxd6 $11 13. Bxd6 Qxd6 14. Bb5 ( 14. Re1 O-O $11 )14...
O-O $15 { Black castles and improves king safety}  15. Re1 Rac8 16. Ne5 { White
threatens to win material: Ne5xd7}  16... Nf6 17. Qe2 Rfd8 18. Bd3 Rc7 19. Qd2
h6 20. Re3 Bc6 21. Rg3 ( 21. Rd1 $5 $15 { is worthy of consideration} )21...
Kf8 $17 22. Nxc6 Rxc6 23. Rc1 Qxd4 24. b4 $4 { causes further problems for ?} 
( 24. Rxc6 $142 bxc6 25. Qc2 $17 )24... Ne4 $19 25. Qf4 ( 25. Rxc6 { there is
nothing better in the position}  25... bxc6 26. Qe1 Nxg3 27. Bc2 $19 )25...
Nxg3 ( 25... Nxg3 26. hxg3 Qxf4 27. gxf4 Rxc1+ 28. Bf1 Rdd1 $19 ) 0-1

[Event "Lidums Checkmate Op"]
[Site "Adelaide"]
[Date "2007.07.08"]
[Round "6.12"]
[White "Ayris, Tony"]
[Black "Mdinaradze, Edgar"]
[Result "1-0"]
[Annotator "Fritz 10"]
[BlackElo "1896"]
[EventCountry "AUS"]
[EventDate "2007.07.07"]
[EventRounds "7"]
[EventType "swiss"]
[PlyCount "94"]
[WhiteElo "2094"]

{ B08: Pirc Defence: Classical System } 1. e4 d6 2. d4 g6 3. Nf3 Bg7 4. Nc3 Nf6
5. Be2 Nc6 6. h3 a6 7. a4 O-O 8. Be3 d5 $146 ( 8... e5 9. dxe5 ( 9. O-O exd4
10. Nxd4 Re8 ( 10... Nxd4 11. Bxd4 Bd7 12. Re1 Bc6 13. Bd3 Qd7 14. Qf3 Nh5 15.
Bxg7 Nxg7 16. Qe3 Rae8 17. Qd2 Qd8 18. b4 Qh4 19. b5 axb5 20. axb5 Bd7 21. Bf1
Nh5 22. e5 Rd8 23. Ra4 Qe7 24. Nd5 Qe6 25. Nxc7 { Schoenberger,P  ( 2199 )
-Bley,M  ( 1765 ) /Hamburg 2005/CBM 108 ext/1-0}  ) 11. Nxc6 bxc6 12. Bf3 Rb8
13. Rb1 Rb4 14. Qd2 c5 15. Rfd1 Bd7 16. b3 Qc8 17. Bg5 Be6 18. Bxf6 Bxf6 19.
Nd5 Bxd5 20. exd5 Ree4 21. Qc1 Qf5 22. Rd4 Bxd4 23. Qd2 Qe5 { Ye Jiangchuan  (
2500 ) -Ehlvest,J  ( 2620 ) /Luzern 1989/CBM 016/1/2-1/2}  )9... dxe5 ( 9...
Nxe5 10. Nxe5 dxe5 11. Qxd8 Rxd8 12. Bc4 Bd7 { 1/2-1/2 Fransson,P  ( 2260 )
-Hoi,C  ( 2415 ) /Gausdal 1990/TD}  )10. O-O Be6 11. Ng5 Nd4 12. Nxe6 Nxe6 13.
Bc4 Nd4 14. Bg5 h6 15. Bxf6 { 1/2-1/2 Darga,K  ( 2470 ) -Davies,N  ( 2460 )
/Germany 1987/GER-chT}  )( 8... e5 9. dxe5 dxe5 10. Bc5 $11 )9. e5 { White wins
space}  9... Ne4 ( 9... Ne8 10. h4 h5 11. Qd2 $14 )10. Nxe4 $16 dxe4 11. Ng5 f5
( 11... Nb4 12. O-O $16 )12. Bc4+ Kh8 13. Nf7+ Rxf7 14. Bxf7 e6 15. d5 exd5 16.
Bxd5 Nxe5 17. O-O c6 18. Bxe4 Qe8 ( 18... Be6 $5 19. Bd3 Nxd3 20. cxd3 Qd7 $16
)19. Bd3 $18 Be6 20. Qe2 ( 20. Bd4 Rd8 21. Bxe5 Bxe5 $18 )20... Nxd3 21. cxd3
Qd7 22. Rfe1 Bg8 ( 22... Re8 $18)23. Bf4 Rd8 24. Be5 Qf7 25. Bxg7+ Qxg7 26. Qe7
Rd7 27. Qxg7+ ( 27. Qa3 $5 g5 $18 )27... Kxg7 28. Re8 Bf7 29. Rb8 Kf6 30. a5
Ke5 31. Ra4 c5 ( 31... Rxd3 32. Rxb7 Rd1+ 33. Kh2 $18 )32. f4+ Kd6 33. Rc8 Bd5
34. Ra3 Re7 35. Kf2 Bc6 36. Ra1 Kd7 ( 36... c4 37. Rd8+ Kc7 38. Rd4 cxd3 39.
Rxd3 $18 )37. Rh8 Kc7 38. Rc1 Rd7 ( 38... b6 $18)39. Rxc5 Rxd3 40. Rxh7+ Kd6
41. Rc2 Rd4 42. g3 ( 42. Kg3 { seems even better}  42... Be4 43. Rcc7 Rb4 44.
Rhd7+ Ke6 $18 )42... Rd3 ( 42... Be4 43. Rc3 $18 )43. Rc3 Rd2+ 44. Ke3 Rxb2 45.
Rg7 Be8 46. Rc8 Bc6 47. Rxg6+ Kc5  1-0

[Event "Lidums Checkmate Op"]
[Site "Adelaide"]
[Date "2007.07.08"]
[Round "6.13"]
[White "Cloudsdale, Colin"]
[Black "Zaric, Srboljub"]
[Result "0-1"]
[Annotator "Fritz 10"]
[BlackElo "2144"]
[EventCountry "AUS"]
[EventDate "2007.07.07"]
[EventRounds "7"]
[EventType "swiss"]
[PlyCount "76"]
[WhiteElo "1929"]

{ B28: Sicilian: 2 Nf3 a6  ( O'Kelly Variation ) } 1. e4 c5 2. Nf3 a6 3. g3 Nc6
4. Bg2 g6 5. d3 Bg7 6. O-O e5 ( 6... e6 7. Nbd2 Nge7 8. Re1 d6 9. c3 O-O 10.
Nf1 b5 11. Be3 Bb7 12. h4 Rc8 13. Qd2 Re8 14. N1h2 Ne5 15. Nxe5 dxe5 16. Bh6
Bh8 17. Ng4 Nc6 18. h5 Qe7 19. hxg6 hxg6 20. Bf3 Red8 21. Kg2 { Zak,U  ( 2117 )
-Epure,C  ( 2131 ) /Herceg Novi 2005/CBM 108 ext/1/2-1/2  ( 50 )}  )7. Be3 $146
( 7. Nc3 Nge7 8. Nh4 O-O 9. f4 f6 10. Be3 d6 11. f5 g5 12. Nf3 h6 13. g4 Nd4
14. Nd2 Bd7 15. Nd5 Ba4 16. b3 Be8 17. a4 b6 18. c3 Ndc6 19. b4 Bf7 20. b5 Nb8
21. bxa6 Rxa6 { Minic,D  ( 2475 ) -Gerusel,M  ( 2440 ) /Mannheim 1975/MCD/1-0 
( 42 )}  )7... d6 { Secures c5}  8. c3 { Prevents intrusion on b4+d4}  8... Qb6
( 8... Nge7 9. Nh4 $14 )9. Nbd2 ( 9. b4 $5 $16)9... Qc7 $14 10. a4 b6 ( 10...
Nge7 11. Qc2 $14 )11. Nh4 ( 11. b4 Nf6 $16 )11... Nge7 12. f4 exf4 13. gxf4 ( {
Less advisable is } 13. Rxf4 g5 14. Rxf7 Kxf7 15. Qh5+ Ng6 16. Rf1+ Kg8 $15 )(
13. Bxf4 $6 Be6 $14 )13... f5 14. Qf3 ( 14. Qb3 Na5 15. Qa2 Rf8 $16 )14... fxe4
15. dxe4 O-O 16. Qg3 Kh8 17. Rad1 Be6 18. Ndf3 Bb3 { Black threatens to win
material: Bb3xd1}  19. Rd2 d5 $2 ( 19... Na5 20. Rdf2 Nc4 $16 )20. Ng5 $4 {
White lets it slip away}  ( 20. exd5 $142 { and White gets the upper hand} 
20... Nxd5 21. Nxg6+ hxg6 22. Rxd5 Bxd5 23. Qh3+ Bh6 24. Qxh6+ Kg8 25. Rd1 Bxf3
26. Bxf3 $18 )20... d4 $15 21. cxd4 cxd4 { Black has a new passed pawn: d4.
Black has an active position.}  22. Bf2 ( 22. e5 dxe3 23. Qxe3 Bxe5 24. fxe5
Rxf1+ 25. Kxf1 Rf8+ 26. Ngf3 Bxa4 $11 )22... Qxf4 $17 23. Qxb3 ( 23. Qxf4 $5
$142 Rxf4 24. Nhf3 $15 )23... Qxg5 $19 ( 23... Qxd2 $6 24. Nhf3 Qb4 25. Qxb4
Nxb4 26. Ne6 $17 )24. Be1 Rxf1+ 25. Kxf1 Rf8+ 26. Kg1 ( 26. Rf2 Rxf2+ 27. Bxf2
Qc1+ 28. Be1 $19 )26... Qe3+ ( 26... Ne5 $5 $142 27. Rxd4 N5c6 $19 )27. Qxe3
$17 dxe3 28. Re2 Rd8 ( 28... g5 29. Nf5 Nxf5 30. exf5 $17 )29. Nf3 ( 29. Rxe3
Bd4 30. Bc3 Bxc3 31. Rxc3 Rd1+ 32. Bf1 Re1 $17 )29... Rd3 $17 30. Bh3 ( 30. Kf1
b5 31. axb5 axb5 $17 )30... Ne5 31. Nxe5 Bxe5 32. Be6 b5 33. axb5 axb5 34. Kg2
Nc6 35. Rc2 Nd4 36. Rc8+ $2 ( 36. Rc5 $142 Bd6 37. Rc8+ Kg7 38. Bg4 $17 )36...
Kg7 37. Bd5 ( 37. Bg4 h5 38. Bf3 $19 )37... Rd2+ $1 { an unexpected blow}  38.
Kf1 ( 38. Bxd2 exd2 { Passed pawn}  )38... Rxh2 ( 38... Rxh2 39. Rc3 Rh1+ 40.
Kg2 Rxe1 41. Rxe3 Rxe3 $19 ) 0-1

[Event "Lidums Checkmate Op"]
[Site "Adelaide"]
[Date "2007.07.08"]
[Round "6.14"]
[White "Lin, Zhigen Wilson"]
[Black "Rigo, Bernard"]
[Result "1-0"]
[Annotator "Fritz 10"]
[BlackElo "1827"]
[EventCountry "AUS"]
[EventDate "2007.07.07"]
[EventRounds "7"]
[EventType "swiss"]
[PlyCount "60"]
[WhiteElo "2097"]

{ B30: Sicilian: 2...Nc6 3 Bb5, lines without ...g6 } 1. e4 c5 2. Nf3 Nc6 3. Bb5
e6 4. Bxc6 bxc6 5. d3 Ne7 6. Qe2 Qc7 7. e5 ( 7. Ng5 Ng6 8. f4 c4 9. dxc4 Ba6
10. b3 Bc5 11. e5 d5 12. exd6 Bxd6 13. O-O O-O-O 14. Nc3 Rhe8 15. Nce4 Bf8 16.
Nxh7 Bb4 17. a3 Ba5 18. Nhg5 Bb6+ 19. Be3 f6 20. Nh3 c5 21. Qg4 Ne7 { Anand,V 
( 2779 ) -Radjabov,T  ( 2728 ) /Mainz 2006/CBM 114/1-0  ( 57 )}  )7... f6 $146
( 7... Nf5 8. Bd2 Be7 9. Bc3 O-O 10. Nbd2 Bb7 11. Rg1 d5 12. exd6 Nxd6 13. Qe5
f6 14. Qxe6+ Kh8 15. O-O-O Nb5 16. Ne4 Rad8 17. Rge1 Bc8 18. Qc4 Rd5 19. a4 a6
20. axb5 axb5 21. Qa2 Bg4 22. b3 { Prokopchuk,E  ( 2489 ) -Sherbakov,R  ( 2559
) /Novgorod 1999/CBM 069 ext/1-0  ( 48 )}  )( 7... Ng6 8. h4 ( 8. b3 Be7 9. Bb2
O-O 10. Nbd2 f6 11. Nc4 Nf4 12. Qd2 fxe5 13. Bxe5 Nxg2+ 14. Kf1 d6 15. Kxg2
dxe5 16. Nfxe5 Ba6 17. Rae1 Bxc4 18. Nxc4 Rf6 19. Rhf1 Raf8 20. Re4 Bd6 21.
Nxd6 Qxd6 22. f3 Rg6+ { Hasangatin,R  ( 2485 ) -Annageldyev,O  ( 2458 )
/Alushta 2004/CBM 103/0-1  ( 57 )}  )8... f6 9. exf6 gxf6 10. h5 Ne7 ( 10...
Nf4 11. Bxf4 Qxf4 12. Rh4 Qc1+ 13. Qd1 Qxb2 14. Nbd2 d5 15. Rb1 Qxa2 16. c3 Qa5
17. Ra4 Qc7 18. Qb3 Bd6 19. g3 O-O 20. Rg4+ Kh8 21. h6 Rf7 22. Qa4 e5 23. Rg7
Rxg7 24. hxg7+ Kxg7 25. Ke2 { Valickova,P  ( 1997 ) -Hernandez,H  ( 2458 )
/Ortigueira 2005/CBM 107 ext/0-1  ( 38 )}  )11. Nh4 d5 12. f4 Rg8 13. Nd2 Bh6
14. f5 Qg3+ 15. Kd1 Bxd2 16. Bxd2 e5 17. b4 Nxf5 18. Nxf5 Bxf5 19. Kc1 c4 20.
Qf1 Rg5 21. Kb2 cxd3 22. Bxg5 { Crosa,M  ( 2405 ) -Matsuura,E  ( 2445 ) /Sao
Paulo 2006/CBM 114 ext/0-1}  )8. exf6 ( 8. Na3 fxe5 9. Nxe5 g6 $11 )8... gxf6
$15 9. Nc3 d5 10. Nh4 Ng6 11. Qh5 Rg8 12. Nxg6 hxg6 13. Qe2 g5 14. b3 Bd6 {
Black threatens to win material: Bd6xh2}  ( 14... Rh8 15. h3 $17 )15. Qh5+ Qf7
16. Qxf7+ Kxf7 { Black loses the right to castle}  17. Na4 c4 18. dxc4 dxc4 19.
Be3 Ba6 ( 19... e5 $5 $15)20. O-O-O Rgd8 21. Rhe1 cxb3 22. cxb3 ( 22. axb3 Ba3+
( 22... Bxh2 $143 23. Nc5 Rxd1+ 24. Rxd1 $14 )23. Kb1 Bb4 24. Rxd8 Rxd8 $11
)22... Ba3+ 23. Kc2 Bb5 ( 23... Bb4 24. Rh1 $11 )24. Nc3 ( 24. Bc5 Bxa4 25.
Bxa3 Bb5 $11 )24... a5 25. Bb6 Rdb8 ( 25... Rxd1 26. Rxd1 a4 27. Nxa4 Bxa4 28.
bxa4 Rxa4 29. Rd7+ Be7 30. Kc3 $14 )26. Bc7 { White threatens to win material:
Bc7xb8}  ( 26. Rd7+ Ke8 27. Rh7 Rxb6 28. Rxe6+ Kf8 $11 )26... Rb7 $11 { Black
threatens to win material: Rb7xc7}  27. Rd7+ ( { Worse is } 27. Nxb5 cxb5 28.
Bd6 Rc8+ 29. Kb1 b4 $17 )27... Be7 28. Ne4 ( 28. Nxb5 $2 { is no good}  28...
cxb5 29. Kb1 Ke8 $19 )28... Kf8 29. Nd6 ( 29. Nxf6 c5 30. Nh7+ ( 30. Rxe6 $143
Bxd7 31. Nxd7+ Ke8 $17 )30... Ke8 31. Rxe7+ Kxe7 32. Bg3 $15 )29... Rxc7 $1 $17
{ Deflection: c7}  30. Rxc7 Bxd6  1-0

[Event "Lidums Checkmate Op"]
[Site "Adelaide"]
[Date "2007.07.08"]
[Round "6.15"]
[White "Brown, Andrew"]
[Black "Goldsmith, Alan D"]
[Result "0-1"]
[Annotator "Fritz 10"]
[BlackElo "2081"]
[EventCountry "AUS"]
[EventDate "2007.07.07"]
[EventRounds "7"]
[EventType "swiss"]
[PlyCount "54"]
[WhiteElo "1915"]

{ D08: Albin Counter Gambit } 1. d4 d5 2. c4 e5 3. dxe5 d4 4. a3 Nc6 5. Nf3 Bg4
6. Bf4 f6 ( 6... Qe7 7. Nbd2 O-O-O 8. h3 Bxf3 9. Nxf3 f6 10. e6 Qxe6 11. g4 h5
12. g5 Nge7 13. h4 f5 14. Qd3 Ng6 15. Bg3 Bd6 16. Bh3 Rhf8 17. O-O Kb8 18. b4
Nf4 19. Bxf4 Bxf4 20. Kg2 g6 21. Rfd1 { Zhukova,N  ( 2471 ) -Sagalchik,G  (
2487 ) /playchess.com INT 2004/CBM 099 ext/1-0  ( 77 )}  )7. exf6 Qxf6 8. Bg5
$146 { White threatens to win material: Bg5xf6}  ( 8. Bxc7 Qe7 9. Bg3 O-O-O 10.
Nbd2 Nf6 11. Qa4 Ne4 12. Nxe4 Qxe4 13. Nd2 Qe8 14. O-O-O Bf5 15. b4 Bd6 16.
Bxd6 Rxd6 17. c5 Rd5 18. g3 Qe5 19. Qb3 Na5 20. Qb2 Rxc5+ 21. bxc5 Qxc5+ 22.
Nc4 Qxc4+ { Zuse,K  ( 2333 ) -Richter,G  ( 2243 ) /Walldorf 2006/CBM 111
ext/0-1}  )( 8. Bxc7 $5 $142 Bd6 9. Bxd6 Qxd6 10. Nbd2 $16 )8... Qg6 9. Nbd2
Be7 10. Bxe7 Ngxe7 { White has a cramped position. White's piece can't move:
f1}  11. h3 { White threatens to win material: h3xg4}  11... Be6 12. g3 Nf5 {
White has a cramped position}  ( 12... Rd8 13. Bg2 $11 )13. Qc2 $14 { Black has
an active position}  13... O-O-O 14. g4 d3 ( 14... Nh4 $1 { should be
considered}  15. Qxg6 Nxg6 $14 ( 15... hxg6 $143 16. Nxh4 Rxh4 17. Bg2 $16
))15. gxf5 $16 Bxf5 ( 15... dxc2 $4 { Black will choke on that}  16. fxg6 Bf5
17. h4 $18 )16. Qc3 $4 { forfeits the advantage}  ( 16. exd3 $142 Rhe8+ 17. Kd1
Bxd3 18. Bxd3 Rxd3 19. Re1 $18 )16... dxe2 $15 17. Bxe2 Rhe8 18. O-O-O ( 18.
Kd1 $5 Rxe2 19. Kxe2 $15 )18... Rxe2 $17 19. Rhg1 Qe8 ( 19... Qe6 $17 $142)20.
Rge1 $2 ( 20. Qxg7 $142 Rxf2 21. Rde1 $17 )20... Rd3 $19 21. Qxg7 Bg6 ( 21...
Nd4 22. Nxd4 Rxe1 23. Nxf5 Rxd2 24. Kxd2 Qe2+ 25. Kc3 Rxd1 $19 ( 25... Qxd1
$143 26. Ne7+ Kd8 27. Nd5 Qf3+ 28. Kb4 Qxf2 29. Qxc7+ Ke8 30. b3 $18 ))22. Rxe2
$15 Qxe2 23. Re1 Qxf2 24. Rf1 Qe3 25. Re1 ( 25. Qf6 Rd8 $17 )25... Qc5 ( 25...
Qf4 $5 26. Qh8+ Rd8 $17 )26. Qg8+ Rd8 { Black threatens to win material:
Rd8xg8}  27. Qe6+ Kb8  0-1

[Event "Lidums Checkmate Op"]
[Site "Adelaide"]
[Date "2007.07.08"]
[Round "6.16"]
[White "Jackson, Ralph E"]
[Black "Peake, Michael"]
[Result "0-1"]
[Annotator "Fritz 10"]
[BlackElo "1774"]
[EventCountry "AUS"]
[EventDate "2007.07.07"]
[EventRounds "7"]
[EventType "swiss"]
[PlyCount "76"]
[WhiteElo "1938"]

{ D05: Colle System with ...e6 } 1. d4 d5 2. Nf3 e6 3. e3 Nf6 4. Bd3 c5 5. b3
Nc6 6. O-O Be7 7. Bb2 Qc7 ( 7... a5 8. c4 cxd4 9. exd4 a4 10. Nbd2 O-O 11. c5
axb3 12. axb3 Rxa1 13. Qxa1 Nd7 14. Rd1 e5 15. dxe5 Nxc5 16. Qb1 Nxd3 17. Qxd3
Be6 18. Qb5 Qb8 19. Nf1 Rd8 20. Ne3 Qa7 21. Nd4 Bc5 22. Nec2 { Jovanic,O  (
2424 ) -Medancic,R  ( 2275 ) /Porec 2003/CBM 097 ext/1/2-1/2  ( 31 )}  )8. Nbd2
$146 ( 8. a3 b6 9. Nbd2 Bb7 10. Qe2 cxd4 ( 10... O-O 11. Rfe1 Rfd8 12. Rac1
Rac8 13. c4 cxd4 14. exd4 Qf4 15. c5 bxc5 16. dxc5 a5 17. Ne5 Ne4 18. Ndf3 Nxc5
19. Rxc5 Bxc5 20. Bc1 Nd4 21. Nxd4 Qxd4 22. Bxh7+ Kxh7 23. Qh5+ Kg8 24. Qxf7+
Kh8 { 1/2-1/2 Rubinetti,J  ( 2450 ) -Salazar Jacob,H  ( 2380 ) /Manila 1992/TD}
 )11. exd4 h5 12. Ne5 Bd6 13. Rac1 Ng4 14. f4 O-O-O 15. c4 dxc4 16. Bxc4 Kb8
17. Bb5 Bxe5 18. fxe5 f5 19. h3 Nh6 20. Qc4 Rc8 21. Qxe6 Qe7 22. Rxc6 { 1-0
Westerman,H  ( 2156 ) -Thurlow,K  ( 2185 ) /St Helier 2002/CBM 086 ext}  )( 8.
c4 cxd4 9. exd4 O-O 10. Nc3 dxc4 11. bxc4 b6 12. Rc1 Ba6 13. Nb5 Qb7 14. a4
Rac8 15. d5 Bxb5 16. axb5 Nb4 17. d6 Bxd6 18. Bxf6 gxf6 19. Bxh7+ Kxh7 20. Qxd6
Rg8 21. Qf4 Rg6 22. Rfd1 Rcg8 { McKay,R  ( 2375 ) -Gourlay,I  ( 2248 )
/Stirling 2002/CBM 089 ext/1/2-1/2  ( 34 )}  )8... Bd7 ( 8... cxd4 9. Nxd4 ( 9.
Bxd4 $2 e5 $19 )9... e5 10. Nb5 $11 )9. Ne5 ( 9. dxc5 O-O $16 )9... cxd4 $11
10. exd4 O-O 11. a3 { Controls b4}  11... Rac8 12. f4 h6 13. g4 ( 13. Rb1 a5
$16 )13... Nxe5 14. fxe5 Nh7 15. Qe1 Qd8 16. Nf3 Ng5 17. Bc1 ( 17. Nxg5 $5 $142
{ looks like a viable alternative}  17... Bxg5 18. a4 $14 )17... Nxf3+ $15 18.
Rxf3 Bg5 ( 18... Qb6 19. Bb2 $11 )19. Rh3 ( 19. Be3 a6 $14 )19... f6 $11 {
Covers g5}  20. Bxg5 fxg5 21. Rg3 Rf4 { Menacing}  22. c3 ( 22. Qb4 $5 $11 { is
worth consideration} )22... Qb6 $15 { Black threatens to win material: Qb6xb3} 
23. Qe3 ( 23. Qd2 Qxb3 24. Bc2 Qc4 $15 )23... Rcf8 ( 23... Qxb3 $5 24. Qd2 Rcf8
$17 )24. b4 { White has a new backward pawn: c3}  24... Bb5 25. a4 Bxd3 26.
Qxd3 Qc7 27. Re1 ( 27. Kh1 Rf2 $15 )27... Qf7 $17 28. a5 ( 28. Kh1 Rf2 29. Reg1
Qf4 $17 )28... Rxg4 $1 { Deflection: e1}  29. Rf1 $4 { but even a better move
would not have saved the game}  ( 29. Rxg4 Qf5 { Double attack}  ( 29... Qf2+ {
Deflection} )( 29... Qf5 { Decoy} ))( 29. -- Qf2+ { Mate threat}  )29... Rxg3+
$19 30. hxg3 Qxf1+ 31. Qxf1 Rxf1+ 32. Kxf1 g4 33. Ke2 Kf7 34. Kd3 g5 ( 34... h5
$5 $142 { makes it even easier for Black}  35. b5 $19 )35. c4 dxc4+ 36. Kxc4
Ke7 37. d5 exd5+ 38. Kxd5 h5 ( 38... h5 39. b5 h4 40. gxh4 gxh4 $19 ) 0-1

[Event "Lidums Checkmate Op"]
[Site "Adelaide"]
[Date "2007.07.08"]
[Round "6.17"]
[White "Stojic, Svetozar"]
[Black "Szuveges, Narelle"]
[Result "1-0"]
[Annotator "Fritz 10"]
[BlackElo "1702"]
[EventCountry "AUS"]
[EventDate "2007.07.07"]
[EventRounds "7"]
[EventType "swiss"]
[PlyCount "51"]
[WhiteElo "1919"]

{ B01: Scandinavian Defence } 1. e4 d5 2. exd5 Qxd5 3. Nc3 Qa5 4. d4 Nf6 5. Bd2
c6 6. Nf3 Bg4 7. h3 Bh5 8. Bc4 e6 9. Qe2 Be7 10. O-O-O Qc7 11. g4 Bg6 12. Ne5
Nbd7 13. h4 $146 ( 13. f4 Nxe5 14. dxe5 Nd7 15. Rhf1 h6 16. f5 Bh7 17. fxe6
fxe6 18. Bxe6 O-O-O 19. Rf7 Rhe8 20. Rxg7 Bf8 21. Rxh7 Rxe6 22. Bf4 Qa5 23. Qc4
Nc5 24. Rxd8+ Qxd8 25. a4 Qe8 26. b4 Nd7 27. Qd4 b6 { Lim Kian Hwa  ( 2106 )
-Chan Tze Wei  ( 2039 ) /Kuala Lumpur 2005/CBM 108 ext/0-1  ( 81 )}  )13...
Nxe5 $2 ( 13... b5 $5 $142 14. Bf4 Nxe5 15. Bxe5 Qc8 $18 )14. dxe5 $18 ( 14.
Qxe5 $2 Qxe5 15. dxe5 Nxg4 $19 )14... Nd7 ( 14... Nxg4 15. Qxg4 Qxe5 16. Bf4
$18 )15. h5 Bxc2 16. Kxc2 Nxe5 ( 16... b5 17. Bb3 Nc5 $18 )17. Bf4 Bd6 ( 17...
f6 $18 { is the last straw} )18. Rxd6 $1 { Decoy: d6}  18... Qxd6 19. Qxe5 (
19. Bxe5 $142 { and White has prevailed}  19... Qe7 20. h6 f6 21. hxg7 Qxg7 $18
)19... Qxe5 20. Bxe5 f6 ( 20... b5 { does not win a prize}  21. Bd3 f6 22. Bd4
$18 )21. Bf4 ( 21. Bd6 { might be the shorter path}  21... Rd8 22. Ne4 b5 23.
Bxe6 Rxd6 24. Nxd6+ Ke7 $18 )21... e5 22. Be3 Ke7 ( 22... b5 { a last effort to
resist the inevitable}  23. Bb3 h6 $18 )23. Bc5+ Ke8 24. Rd1 ( 24. h6 { keeps
an even firmer grip}  24... gxh6 25. Ne4 Kd7 26. Rxh6 Rad8 $18 )24... b6 25.
Bd6 Rd8 26. Be6  1-0

[Event "Lidums Checkmate Op"]
[Site "Adelaide"]
[Date "2007.07.08"]
[Round "6.18"]
[White "Garcia-Blanco, Miguel"]
[Black "Hoile, Robert"]
[Result "1/2-1/2"]
[Annotator "Fritz 10"]
[BlackElo "1904"]
[EventCountry "AUS"]
[EventDate "2007.07.07"]
[EventRounds "7"]
[EventType "swiss"]
[PlyCount "43"]
[WhiteElo "1699"]

{ A29: English Opening: Four Knights Variation with 4 g3 } 1. c4 e5 2. Nc3 Nf6
3. Nf3 Nc6 4. g3 d5 5. cxd5 Nxd5 6. Bg2 Nb6 7. O-O Be7 8. d3 O-O 9. Be3 Be6 10.
Rc1 f6 11. a3 ( 11. Ne4 Qd7 12. Bc5 Rad8 13. a3 f5 14. Ned2 e4 15. Ne1 Rfe8 16.
b4 Bf6 17. Qc2 Ne5 18. d4 Ng4 19. Bxb6 axb6 20. e3 c5 21. h3 Nxe3 22. fxe3 cxd4
23. Nb1 Bg5 24. Rd1 Bxe3+ 25. Kh2 d3 { Gashimov,V  ( 2579 ) -Graf,A  ( 2630 )
/Dubai 2003/CBM 093 ext/0-1  ( 49 )}  )11... Qd7 ( 11... Nd5 12. Nxd5 Bxd5 13.
Qa4 Qd7 14. Bc5 Rfd8 15. Bxe7 Nxe7 16. Qxd7 Rxd7 17. Bh3 Rd6 18. Rxc7 Kf8 19.
Nd2 Rb6 20. b4 a5 21. Nc4 Bxc4 22. Rxc4 axb4 23. axb4 Nc6 24. Rb1 Ra2 25. Kf1
Nd4 26. Bg2 { Baeuml,U  ( 2080 ) -Walter,M  ( 1698 ) /Nuremberg 2006/CBM 114
ext/1-0  ( 33 )}  )12. Re1 Nd5 $146 ( 12... Nd4 13. b4 Nxf3+ 14. Bxf3 c6 15.
Ne4 Bd5 16. Qc2 Rfd8 17. Bc5 Qe6 18. Bg2 Nd7 19. Be3 a5 20. Nc5 Nxc5 21. bxc5
Bb3 22. Bh3 Qd5 23. Qc3 Qf7 24. a4 Bxa4 25. Ra1 Qb3 26. Qd2 Bb5 27. Reb1 {
Heck,N  ( 2308 ) -Schnabel,M  ( 2121 ) /Bad Zwesten 2004/CBM 098 ext/1/2-1/2  (
63 )}  )13. Nxd5 Bxd5 ( 13... Qxd5 $2 14. Nd4 Qd6 15. Nxc6 ( 15. Bxc6 $143 bxc6
16. Rxc6 Qd7 17. Rxc7 Qxc7 18. Nxe6 Qb7 19. Nxf8 Kxf8 $18 )15... bxc6 16. Rxc6
$18 )14. Bc5 Bxc5 15. Rxc5 Nd4 $4 { throwing away the advantage}  ( 15... Qd6
$142 { the rescuing straw}  16. Qc1 Nd8 $11 )16. Nxe5 $1 $18 { Decoy: e5} 
16... fxe5 17. Bxd5+ Kh8 18. Bg2 ( 18. e3 Ne6 19. Bxe6 Qxe6 20. Rxc7 b6 $18
)18... Qf5 $2 ( 18... Qd6 19. Rc4 $18 )19. Rf1 ( 19. f4 { and White can already
relax}  19... Rae8 20. e3 b6 $18 )19... c6 $2 ( 19... Qh5 20. h3 c6 $18 )20. b4
$4 { White loses the upper hand}  ( 20. f4 $18 $142 { makes sure everything is
clear} )20... Rae8 ( 20... Qh5 21. Kh1 $16 )21. Rc1 ( 21. f4 $5 $142 Qh5 22. e3
Ne2+ 23. Kf2 Qxh2 24. Qxe2 exf4 25. gxf4 Rxf4+ 26. Ke1 Rxf1+ 27. Bxf1 ( 27.
Kxf1 $6 Rf8+ 28. Ke1 Qh4+ 29. Kd1 Rf2 $11 )27... Qh4+ 28. Qf2 Rxe3+ 29. Be2 $18
)21... Rf6 ( 21... Qg4 $5 22. e3 Nf3+ 23. Bxf3 Rxf3 $16 )22. e3 $16  1/2-1/2